| 000 | 00860nam a2200241 i 4500 | ||
|---|---|---|---|
| 001 | 106115 | ||
| 003 | ES-MaACL | ||
| 005 | 20260301142050.0 | ||
| 007 | t| | ||
| 008 | 061002s1971 fr |||| | fre d | ||
| 080 | _a338(43)"1933/45" | ||
| 080 | _a308(43)"1933/45" | ||
| 100 | 1 |
_aBettelheim, Charles. _928678 |
|
| 245 | 1 | 2 |
_aL`économie allemande sous le nazisme _b: un aspect de la décadence du capitalisme / _cCharles Bettelheim. |
| 260 |
_aParis : _bFrançois Maspero, _c1971. |
||
| 300 |
_a2 v. ; _c18 cm. |
||
| 490 | 1 |
_aPetite collection Maspero ; _v72-73 |
|
| 651 | 7 |
_aAlemania- _xSituación económica- _v1933-1945 _2 _9167724 |
|
| 651 | 4 |
_aAlemania- _xSituación social- _y1933-1945. _9167725 |
|
| 830 | 0 |
_aPetite collection Maspero ; _v72-73 _9179674 |
|
| 852 |
_aES-MaACL _jAND-850-51 _z. - Biblioteca Juan Andrade |
||
| 999 |
_c106115 _d106115 |
||